Objective tests in english structure objective tests in english structure and lexis /
Guardado en:
| Autor Principal: | |
|---|---|
| Otros Autores: | |
| Formato: | Libro |
| Publicado: |
Inglaterra :
Longman,
1972
|
| Materias: | |
| Etiquetas: |
Agregar Etiqueta
Sin Etiquetas, Sea el primero en etiquetar este registro!
|
| LEADER | 00534nam a22001815a 4500 | ||
|---|---|---|---|
| 001 | CEM.cems007436 | ||
| 005 | 20060214000000.0 | ||
| 008 | 130507s1972##################000#0#####d | ||
| 003 | CEMS | ||
| 082 | 0 | 4 | |a 425 |
| 100 | 1 | |a Gibbs, Peter | |
| 245 | 1 | 0 | |a Objective tests in english structure objective tests in english structure and lexis / |
| 260 | |a Inglaterra : |b Longman, |c 1972 | ||
| 300 | |a 120 p. | ||
| 653 | |a Ingles | ||
| 653 | |a Ingles-gramática | ||
| 700 | 1 | |a Jolley, Marjorie | |
| 859 | |a CEMS |b BIB. CEMS - 11 de abril |h 425 |i G354 |p 17316.93 |t Ej.1 | ||
